Les 15 villes les plus riches de France - Statistiques

Statistiques générales
  • Ce quiz a été pris 587 fois
  • Le résultat moyen est 5 sur 15
Statistiques - réponses
Ville Revenu annuel médian Département % Correct
Paris 27 400 € Paris (75)
92%
Versailles 31 300 € Yvellines (78)
67%
Neuilly-sur-Seine 44 370 € Hauts de Seine (92)
55%
Annecy 24 170 € Haute Savoie (74)
48%
Boulogne-Billancourt 32 460 € Hauts de Seine (92)
41%
Aix-en-Provence 23 680 € Bouches du Rhone (13)
37%
Levallois-Perret 31 580 € Hauts de Seine (92)
36%
Courbevoie 29 540 € Hauts de Seine (92)
27%
Issy-les-Moulineaux 31 021 € Hauts de Seine (92)
24%
Rueil-Malmaison 30 670 € Hauts de Seine (92)
21%
Antony 29 430 € Hauts de Seine (92)
18%
Clamart 26 730 € Hauts de Seine (92)
17%
Asnières-sur-Seine 24 990 € Hauts de Seine (92)
15%
Saint-Maur-des-Fossés 29 610 € Val de Marne (94)
13%
Maisons-Alfort 25 200 € Val de Marne (94)
5%
Aucun quiz correspondant
Distribution des résultats
% des personnes avec chaque résultat
Percentile par nombre de réponses
Votre historique - résultats
Vous n’avez pas pris ce quiz